Sébastien Zamet (Record no. 123161)

MARC details
000 -LEADER
campo de control de longitud fija 00527nam a2200157 4500
001 - NÚMERO DE CONTROL
campo de control 123161
003 - IDENTIFICADOR DE NÚMERO DE CONTROL
campo de control ES-MaACL
005 - FECHA Y HORA DE LA ÚLTIMA TRANSACCIÓN
campo de control 20230906192124.0
007 - CAMPO FIJO DE DESCRIPCIÓN FÍSICA--INFORMACIÓN GENERAL
campo de control de longitud fija t|
008 - DATOS DE LONGITUD FIJA--INFORMACIÓN GENERAL
campo de control de longitud fija 070214s1912 fr r ||||0| fre d
100 1# - ENTRADA PRINCIPAL--NOMBRE DE PERSONA
Nombre de persona Prunel, Louis N.
9 (RLIN) 94086
245 10 - MENCIÓN DEL TÍTULO
Título Sébastien Zamet
Resto del título : évêque-duc de Langres, pair de France (1588-1655) : sa vie et ses oeuvres : les origines du Jansénisme /
Mención de responsabilidad, etc. Louis N. Prunel.
260 ## - PUBLICACIÓN, DISTRIBUCIÓN, ETC.
Lugar de publicación, distribución, etc. Paris :
Nombre del editor, distribuidor, etc. A. Picard,
Fecha de publicación, distribución, etc. 1912.
300 ## - DESCRIPCIÓN FÍSICA
Extensión XVI, 569 p., 1 lám ;
Dimensiones 22 x 14 cm.
852 ## - LOCALIZACIÓN
Ubicación ES-MaACL
Número de control de estantería B-122
Holdings
Estatus retirado Estado de pérdida Estado de daño No para préstamo Biblioteca de origen Biblioteca actual Ubicación en estantería Fecha de adquisición Fuente de adquisición Total de préstamos Signatura topográfica completa Código de barras Visto por última vez Precio de reemplazo Tipo de ítem Koha
        Biblioteca del Ateneo de Madrid Biblioteca del Ateneo de Madrid Sala Pardo Bazán 17/01/2008     B-122 1128333 23/02/2023 23/02/2023 Libro impreso